000 00310nam a2200121Ia 4500
008 190216s9999||||xx |||||||||||||| ||und||
100 _aKrishnan & Ashokan
245 0 _aManagement Accounting
260 _bCalicut University Central Co-Operative
_c1998
300 _a658
650 _aCommerce
942 _cBK
999 _c5604
_d5604